Spolupráca v oblasti cestovného ruchu

Charakteristika spolupráce podnikov v oblasti cestovného ruchu. Výhody a nevýhody spolupráce. Verejno-súkromné partnerstvo (PPP) v cestovnom ruchu.

Guardado en:
Detalles Bibliográficos
Autor principal: Vlkovičová, Lenka
Formato: Capítulo de libro
Lenguaje:eslovaco
Materias:
Etiquetas: Agregar Etiqueta
Sin Etiquetas, Sea el primero en etiquetar este registro!

MARC

LEADER 00000nla$a2200000$$$4500
001 0102209
005 20240502072119.2
041 0 |a slo 
044 |a SK 
245 1 0 |a Spolupráca v oblasti cestovného ruchu  |c Lenka Vlkovičová 
520 |a Charakteristika spolupráce podnikov v oblasti cestovného ruchu. Výhody a nevýhody spolupráce. Verejno-súkromné partnerstvo (PPP) v cestovnom ruchu. 
610 2 0 |a ruch cestovný 
610 2 0 |a služby 
610 2 0 |a spolupráca podnikov 
610 2 0 |a partnerstvo verejno-súkromné 
610 2 0 |a projekty 
610 2 0 |a konkurencieschopnosť 
100 1 |a Vlkovičová, Lenka